000 00834cad a22002175a 4500
001 E153186
008 110621s2010 xxk f 000 0 eng d
035 _a(Sirsi) u153186
041 0 _aeng
100 1 _aBell, Julian
245 0 4 _aThe economic benefits of on-farm wind energy clusters in Aberdeenshire
_h[electronic resource]
260 _a[S.l.]
_bSAC Consulting
_c2010
520 _aSeeks to clarify how far the income from wind farm developments on farms is invested in the farm or spent locally.
590 _aKA
651 4 _aScotland
_y1999-
690 _aENVIRONMENTAL AND LAND CONSULTANCY-ENERGY-RENEWABLE ENERGY
690 _aPROPERTY-RURAL AND NATURAL ASSETS
700 1 _aBooth, Elaine
856 4 0 _uhttps://www.sac.ac.uk/mainrep/pdfs/aberdeenshirewindenergy.pdf
_zView the report at www.sac.ac.uk
942 _n0
999 _c112414
_d112414